000 00793nam a2200289Ia 4500
005 20260324125452.0
008 008 260324s9999 xx 000 0 eng d
020 _a9781003513148
037 _aEBOOK
040 _aCRL
040 _beng
040 _cCRL
041 _2eng
041 _aeng
084 _qCRL
100 _aTom Hubbard; Keith Carabine; Ralph Pite; Lindy Stiebel
_91178101
245 0 _aLives of Victorian Literary Figures, Part VII, Volume 3
245 0 _bJoseph Conrad, Henry Rider Haggard and Rudyard Kipling by their Contemporaries
260 _bTaylor and Francis
260 _c2009
365 _a
365 _b195
856 _uhttp://www.taylorfrancis.com/books/9781003513148
942 _cEBOOK
999 _c1773385
_d1773385